[Event "SVK-chT4 A21 1819"]
[Site "Slovakia"]
[Date "2019.02.03"]
[Round "8.3"]
[White "Tomasovic, Roman"]
[Black "Miciak, Emanuel"]
[Result "0-1"]
[WhiteElo "1548"]
[BlackElo "1877"]
[PlyCount "62"]
[EventDate "2018.10.14"]
[EventType "team-tourn"]
[EventRounds "11"]
[EventCountry "SVK"]
[SourceTitle "CBM 189 Extra"]
[Source "ChessBase"]
[SourceDate "2019.05.31"]
[SourceVersion "1"]
[SourceVersionDate "2019.05.31"]
[SourceQuality "1"]
[WhiteTeam "Stefanov"]
[BlackTeam "Vrbove"]
[WhiteTeamCountry "SVK"]
[BlackTeamCountry "SVK"]

1. d4 d5 2. c4 c5 3. e3 Bf5 4. Nc3 e6 5. a3 Nf6 6. Nf3 h6 7. h3 Bd6 8. Bd3 Bxd3 9. Qxd3 Nbd7 10. cxd5 exd5 11. 0-0 0-0 12. Bd2 Re8 13. Rfe1 Ne4 14. Qc2 Ndf6 15. b4 Rc8 16. Qb2 Bb8 17. Rac1 Qd6 18. Ne2 Nd7 19. Rc2 Ng5 20. Nxg5 Qh2+ 21. Kf1 hxg5 22. Ng1 g4 23. hxg4 Qh4 24. Nf3 Qxg4 25. Ke2 Nf6 26. Rh1 Ne4 27. Rcc1 f6 28. Rcg1 Kf7 29. Rh4 Qf5 30. Rgh1 Nd6 31. Rf4 Qxf4 0-1

[Event "SVK-chT4 A21 1516"]
[Site "Slovakia"]
[Date "2016.02.28"]
[Round "9.5"]
[White "Tomasovic, Roman"]
[Black "Piestansky, Jan"]
[Result "1/2-1/2"]
[WhiteElo "1543"]
[BlackElo "1689"]
[PlyCount "31"]
[EventDate "2015.10.04"]
[EventType "team-tourn"]
[EventRounds "11"]
[EventCountry "SVK"]
[SourceTitle "EXT 2017"]
[Source "ChessBase"]
[SourceDate "2016.10.25"]
[SourceVersion "1"]
[SourceVersionDate "2016.10.25"]
[SourceQuality "1"]
[WhiteTeam "Stefanov"]
[BlackTeam "Chtelnica Kamenar"]
[WhiteTeamCountry "SVK"]
[BlackTeamCountry "SVK"]

1. d4 d5 2. c4 c6 3. e3 Bf5 4. Nc3 e6 5. a3 Nf6 6. Nf3 h6 7. b4 Be7 8. Bd3 Bxd3 9. Qxd3 Nbd7 10. 0-0 0-0 11. Re1 Re8 12. b5 a6 13. Bb2 Qc7 14. Ne2 Ne4 15. Nd2 Nxd2 16. Qxd2 1/2-1/2

[Event "SVK-chT5 SE-SI 1314"]
[Site "Slovakia"]
[Date "2014.02.01"]
[Round "7.1"]
[White "Tomasovic, Roman"]
[Black "Diviak, Rastislav"]
[Result "1/2-1/2"]
[WhiteElo "1337"]
[BlackElo "1998"]
[PlyCount "47"]
[EventDate "2013.10.19"]
[EventType "team-tourn"]
[EventRounds "11"]
[EventCountry "SVK"]
[SourceTitle "EXT 2022"]
[Source "ChessBase"]
[SourceDate "2021.10.06"]
[SourceVersion "1"]
[SourceVersionDate "2021.10.06"]
[SourceQuality "1"]
[WhiteTeam "Stefanov II"]
[BlackTeam "Senica CVC III"]
[WhiteTeamCountry "SVK"]
[BlackTeamCountry "SVK"]

1. d4 d5 2. c4 e6 3. e3 Nf6 4. Nc3 c6 5. Bd2 Nbd7 6. Nf3 Bd6 7. Bd3 0-0 8. 0-0 Re8 9. e4 dxe4 10. Nxe4 Nxe4 11. Bxe4 Qc7 12. Qc2 Nf8 13. Bc3 b6 14. Rfe1 Bb7 15. Rad1 Rad8 16. b3 Be7 17. Re2 Bf6 18. Red2 Rd7 19. Ne5 Bxe5 20. dxe5 Red8 21. Rxd7 Rxd7 22. Rxd7 Qxd7 23. Qd2 Qxd2 24. Bxd2 1/2-1/2